Cours de géométrie descriptive /
Guardado en:
| Autor Principal: | |
|---|---|
| Otros Autores: | |
| Formato: | Libro |
| Idioma: | French Russian |
| Publicado: |
Moscou :
Editions Ecole Superieure,
[19--]
|
| Etiquetas: |
Agregar Etiqueta
Sin Etiquetas, Sea el primero en etiquetar este registro!
|
| LEADER | 00512nam a22001575a 4500 | ||
|---|---|---|---|
| 001 | MAT.inmabb001432 | ||
| 008 | 031124s19uu####ru############000#0#fre#d | ||
| 005 | 20170815160215.0 | ||
| 245 | 1 | 0 | |a Cours de géométrie descriptive / |c A. T. Tchaly ; [traduit du russe par A. B. Sossinsky]. |
| 260 | |a Moscou : |b Editions Ecole Superieure, |c [19--] | ||
| 300 | |a 305 p. ; |c 22 cm. | ||
| 100 | 1 | |a Tchaly, A. T. | |
| 700 | 1 | |a Sossinsky, A. B. |4 trl | |
| 084 | |a 14-XX |2 msc2000 | ||
| 041 | 1 | |a fre |h rus | |
| 859 | |h 14 |i T249 |p A-1709 |b BIB. MATEMATICA | ||
